<?xml version="1.0" encoding="UTF-8"?>
<record
    xmlns:xsi="http://www.w3.org/2001/XMLSchema-instance"
    xsi:schemaLocation="http://www.loc.gov/MARC21/slim http://www.loc.gov/standards/marcxml/schema/MARC21slim.xsd"
    xmlns="http://www.loc.gov/MARC21/slim">

  <leader>00849nas a2200277 454500</leader>
  <controlfield tag="001">28750</controlfield>
  <controlfield tag="005">20260407193507.0</controlfield>
  <controlfield tag="008">260407s2006####ag###########|||spa#d</controlfield>
  <controlfield tag="003">AR-UNSa-BCEJYS</controlfield>
  <datafield tag="040" ind1=" " ind2=" ">
    <subfield code="a">AR-UNSa-BCEJYS</subfield>
    <subfield code="b">spa</subfield>
    <subfield code="c">AR-UNSa-BCEJYS</subfield>
  </datafield>
  <datafield tag="080" ind1=" " ind2=" ">
    <subfield code="a">57</subfield>
    <subfield code="x">Ciencias biol&#xF3;gicas en general</subfield>
  </datafield>
  <datafield tag="245" ind1="1" ind2="0">
    <subfield code="a">HHMI Bulletin</subfield>
  </datafield>
  <datafield tag="264" ind1=" " ind2="1">
    <subfield code="a">Maryland :</subfield>
    <subfield code="b">HHMI</subfield>
    <subfield code="c">2006</subfield>
  </datafield>
  <datafield tag="310" ind1=" " ind2=" ">
    <subfield code="a">Frecuencia: Trimestral</subfield>
  </datafield>
  <datafield tag="041" ind1=" " ind2=" ">
    <subfield code="a">spa</subfield>
  </datafield>
  <datafield tag="942" ind1=" " ind2=" ">
    <subfield code="c">SER</subfield>
  </datafield>
  <datafield tag="590" ind1=" " ind2=" ">
    <subfield code="a">niveau_biblio:s niveau_hierar:1</subfield>
  </datafield>
  <datafield tag="100" ind1="1" ind2=" ">
    <subfield code="a">Howartd Hughes Medical Institute</subfield>
  </datafield>
  <datafield tag="700" ind1="1" ind2=" ">
    <subfield code="a">Gardiner, Mary Beth</subfield>
  </datafield>
  <datafield tag="650" ind1=" " ind2=" ">
    <subfield code="a">Biolog&#xED;a</subfield>
  </datafield>
  <datafield tag="650" ind1=" " ind2=" ">
    <subfield code="a">Biotecnolog&#xED;a</subfield>
  </datafield>
  <datafield tag="650" ind1=" " ind2=" ">
    <subfield code="a">Ense&#xF1;anza de las ciencias</subfield>
  </datafield>
  <datafield tag="650" ind1=" " ind2=" ">
    <subfield code="a">Investigaci&#xF3;n biol&#xF3;gica</subfield>
  </datafield>
  <datafield tag="650" ind1=" " ind2=" ">
    <subfield code="a">Ciencia</subfield>
  </datafield>
  <datafield tag="856" ind1="4" ind2="1">
    <subfield code="u">https://biblioeco.unsa.edu.ar/pmb/images/revistas/HHMI bulletin-r13835.jpg</subfield>
    <subfield code="y">Imagen de portada</subfield>
    <subfield code="q">image/jpeg</subfield>
  </datafield>
  <datafield tag="999" ind1=" " ind2=" ">
    <subfield code="c">8656</subfield>
    <subfield code="d">8656</subfield>
  </datafield>
  <datafield tag="952" ind1=" " ind2=" ">
    <subfield code="0">0</subfield>
    <subfield code="1">0</subfield>
    <subfield code="4">0</subfield>
    <subfield code="7">0</subfield>
    <subfield code="a">BCEJYS</subfield>
    <subfield code="b">BCEJYS</subfield>
    <subfield code="c">17</subfield>
    <subfield code="d">2012-05-01</subfield>
    <subfield code="h">Vol. 25, N&#xBA; 2 - mayo 2012</subfield>
    <subfield code="l">0</subfield>
    <subfield code="o">H57 HHM v25.n2</subfield>
    <subfield code="p">R13855</subfield>
    <subfield code="r">2026-04-10 16:08:46</subfield>
    <subfield code="w">2026-04-10</subfield>
    <subfield code="y">RN</subfield>
  </datafield>
  <datafield tag="952" ind1=" " ind2=" ">
    <subfield code="0">0</subfield>
    <subfield code="1">0</subfield>
    <subfield code="4">0</subfield>
    <subfield code="7">0</subfield>
    <subfield code="a">BCEJYS</subfield>
    <subfield code="b">BCEJYS</subfield>
    <subfield code="c">17</subfield>
    <subfield code="d">2012-02-01</subfield>
    <subfield code="h">Vol. 25, N&#xBA; 1 - feb. 2012</subfield>
    <subfield code="l">0</subfield>
    <subfield code="o">H57 HHM v25.n1</subfield>
    <subfield code="p">R13854</subfield>
    <subfield code="r">2026-04-10 16:08:46</subfield>
    <subfield code="w">2026-04-10</subfield>
    <subfield code="y">RN</subfield>
  </datafield>
  <datafield tag="952" ind1=" " ind2=" ">
    <subfield code="0">0</subfield>
    <subfield code="1">0</subfield>
    <subfield code="4">0</subfield>
    <subfield code="7">0</subfield>
    <subfield code="a">BCEJYS</subfield>
    <subfield code="b">BCEJYS</subfield>
    <subfield code="c">17</subfield>
    <subfield code="d">2011-11-01</subfield>
    <subfield code="h">Vol. 24, N&#xBA; 4 - nov. 2011</subfield>
    <subfield code="l">0</subfield>
    <subfield code="o">H57 HHM v24.n4</subfield>
    <subfield code="p">R13853</subfield>
    <subfield code="r">2026-04-10 16:08:46</subfield>
    <subfield code="w">2026-04-10</subfield>
    <subfield code="y">RN</subfield>
  </datafield>
  <datafield tag="952" ind1=" " ind2=" ">
    <subfield code="0">0</subfield>
    <subfield code="1">0</subfield>
    <subfield code="4">0</subfield>
    <subfield code="7">0</subfield>
    <subfield code="a">BCEJYS</subfield>
    <subfield code="b">BCEJYS</subfield>
    <subfield code="c">17</subfield>
    <subfield code="d">2011-05-01</subfield>
    <subfield code="h">Vol. 24, N&#xBA; 2 - mayo 2011</subfield>
    <subfield code="l">0</subfield>
    <subfield code="o">H57 HHM v24.n2</subfield>
    <subfield code="p">R13852</subfield>
    <subfield code="r">2026-04-10 16:08:46</subfield>
    <subfield code="w">2026-04-10</subfield>
    <subfield code="y">RN</subfield>
  </datafield>
  <datafield tag="952" ind1=" " ind2=" ">
    <subfield code="0">0</subfield>
    <subfield code="1">0</subfield>
    <subfield code="4">0</subfield>
    <subfield code="7">0</subfield>
    <subfield code="a">BCEJYS</subfield>
    <subfield code="b">BCEJYS</subfield>
    <subfield code="c">17</subfield>
    <subfield code="d">2011-02-01</subfield>
    <subfield code="h">Vol. 24, N&#xBA; 1 - feb. 2011</subfield>
    <subfield code="l">0</subfield>
    <subfield code="o">H57 HHM v24.n1</subfield>
    <subfield code="p">R13851</subfield>
    <subfield code="r">2026-04-10 16:08:46</subfield>
    <subfield code="w">2026-04-10</subfield>
    <subfield code="y">RN</subfield>
  </datafield>
  <datafield tag="952" ind1=" " ind2=" ">
    <subfield code="0">0</subfield>
    <subfield code="1">0</subfield>
    <subfield code="4">0</subfield>
    <subfield code="7">0</subfield>
    <subfield code="a">BCEJYS</subfield>
    <subfield code="b">BCEJYS</subfield>
    <subfield code="c">17</subfield>
    <subfield code="d">2010-08-01</subfield>
    <subfield code="h">Vol. 23, N&#xBA; 3 - ago. 2010</subfield>
    <subfield code="l">0</subfield>
    <subfield code="o">H57 HHM v23.n3</subfield>
    <subfield code="p">R13850</subfield>
    <subfield code="r">2026-04-10 16:08:46</subfield>
    <subfield code="w">2026-04-10</subfield>
    <subfield code="y">RN</subfield>
  </datafield>
  <datafield tag="952" ind1=" " ind2=" ">
    <subfield code="0">0</subfield>
    <subfield code="1">0</subfield>
    <subfield code="4">0</subfield>
    <subfield code="7">0</subfield>
    <subfield code="a">BCEJYS</subfield>
    <subfield code="b">BCEJYS</subfield>
    <subfield code="c">17</subfield>
    <subfield code="d">2010-02-01</subfield>
    <subfield code="h">Vol. 23, N&#xBA; 1 - feb. 2010</subfield>
    <subfield code="l">0</subfield>
    <subfield code="o">H57 HHM v23.n1</subfield>
    <subfield code="p">R13849</subfield>
    <subfield code="r">2026-04-10 16:08:46</subfield>
    <subfield code="w">2026-04-10</subfield>
    <subfield code="y">RN</subfield>
  </datafield>
  <datafield tag="952" ind1=" " ind2=" ">
    <subfield code="0">0</subfield>
    <subfield code="1">0</subfield>
    <subfield code="4">0</subfield>
    <subfield code="7">0</subfield>
    <subfield code="a">BCEJYS</subfield>
    <subfield code="b">BCEJYS</subfield>
    <subfield code="c">17</subfield>
    <subfield code="d">2009-11-01</subfield>
    <subfield code="h">Vol. 22, N&#xBA; 4 - nov. 2009</subfield>
    <subfield code="l">0</subfield>
    <subfield code="o">H57 HHM v22.n4</subfield>
    <subfield code="p">R13848</subfield>
    <subfield code="r">2026-04-10 16:08:46</subfield>
    <subfield code="w">2026-04-10</subfield>
    <subfield code="y">RN</subfield>
  </datafield>
  <datafield tag="952" ind1=" " ind2=" ">
    <subfield code="0">0</subfield>
    <subfield code="1">0</subfield>
    <subfield code="4">0</subfield>
    <subfield code="7">0</subfield>
    <subfield code="a">BCEJYS</subfield>
    <subfield code="b">BCEJYS</subfield>
    <subfield code="c">17</subfield>
    <subfield code="d">2009-08-01</subfield>
    <subfield code="h">Vol. 22, N&#xBA; 3 - ago. 2009</subfield>
    <subfield code="l">0</subfield>
    <subfield code="o">H57 HHM v22.n3</subfield>
    <subfield code="p">R13847</subfield>
    <subfield code="r">2026-04-10 16:08:46</subfield>
    <subfield code="w">2026-04-10</subfield>
    <subfield code="y">RN</subfield>
  </datafield>
  <datafield tag="952" ind1=" " ind2=" ">
    <subfield code="0">0</subfield>
    <subfield code="1">0</subfield>
    <subfield code="4">0</subfield>
    <subfield code="7">0</subfield>
    <subfield code="a">BCEJYS</subfield>
    <subfield code="b">BCEJYS</subfield>
    <subfield code="c">17</subfield>
    <subfield code="d">2008-05-01</subfield>
    <subfield code="h">Vol. 21, N&#xBA; 2 - mayo 2008</subfield>
    <subfield code="l">0</subfield>
    <subfield code="o">H57 HHM v21.n2</subfield>
    <subfield code="p">R13846</subfield>
    <subfield code="r">2026-04-10 16:08:46</subfield>
    <subfield code="w">2026-04-10</subfield>
    <subfield code="y">RN</subfield>
  </datafield>
  <datafield tag="952" ind1=" " ind2=" ">
    <subfield code="0">0</subfield>
    <subfield code="1">0</subfield>
    <subfield code="4">0</subfield>
    <subfield code="7">0</subfield>
    <subfield code="a">BCEJYS</subfield>
    <subfield code="b">BCEJYS</subfield>
    <subfield code="c">17</subfield>
    <subfield code="d">2007-11-01</subfield>
    <subfield code="h">Vol. 20, N&#xBA; 4 - nov. 2007</subfield>
    <subfield code="l">0</subfield>
    <subfield code="o">H57 HHM v20.n4</subfield>
    <subfield code="p">R13836</subfield>
    <subfield code="r">2026-04-10 16:08:46</subfield>
    <subfield code="w">2026-04-10</subfield>
    <subfield code="y">RN</subfield>
  </datafield>
  <datafield tag="952" ind1=" " ind2=" ">
    <subfield code="0">0</subfield>
    <subfield code="1">0</subfield>
    <subfield code="4">0</subfield>
    <subfield code="7">0</subfield>
    <subfield code="a">BCEJYS</subfield>
    <subfield code="b">BCEJYS</subfield>
    <subfield code="c">17</subfield>
    <subfield code="d">2006-05-01</subfield>
    <subfield code="h">Vol. 19, N&#xBA; 2 - mayo 2006</subfield>
    <subfield code="l">0</subfield>
    <subfield code="o">H57 HHM v19.n2</subfield>
    <subfield code="p">R13835</subfield>
    <subfield code="r">2026-04-10 16:08:46</subfield>
    <subfield code="w">2026-04-10</subfield>
    <subfield code="y">RN</subfield>
  </datafield>
</record>
